[Event "TUR-chT 1st League"]
[Site "Konya"]
[Date "2022.08.23"]
[Round "2.3"]
[White "Karatiken, Seray"]
[Black "Dalgar, Sudenaz"]
[Result "1/2-1/2"]
[WhiteElo "1737"]
[BlackElo "1421"]
[PlyCount "57"]
[EventDate "2022.08.22"]
[EventType "team-swiss"]
[EventRounds "9"]
[EventCountry "TUR"]
[SourceTitle "CBM 209 Extra"]
[Source "ChessBase"]
[SourceDate "2022.09.30"]
[SourceVersion "1"]
[SourceVersionDate "2022.09.30"]
[SourceQuality "1"]
[WhiteTeam "Beyazkale Dernegi"]
[BlackTeam "Karaman Saglik"]
[WhiteTeamCountry "TUR"]
[BlackTeamCountry "TUR"]

1. c4 Nf6 2. Nf3 g6 3. b4 Bg7 4. Bb2 d6 5. g3 0-0 6. Bg2 e5 7. d3 c6 8. a4 Qb6 9. Bc3 Nbd7 10. 0-0 Re8 11. Nbd2 d5 12. c5 Qc7 13. e4 d4 14. Bb2 a5 15. Ba3 Bf8 16. Nb3 axb4 17. Bxb4 Nb8 18. a5 Na6 19. Ba3 Be6 20. Nfd2 Nd7 21. Qc2 Ndb8 22. f4 Bh6 23. fxe5 Be3+ 24. Kh1 Qxe5 25. Nf3 Qg7 26. Nbd2 Nc7 27. Nc4 Bxc4 28. Qxc4 Rxa5 29. Nxd4 1/2-1/2

[Event "TUR-ch U13-U18 Girls"]
[Site "Antalya"]
[Date "2020.01.25"]
[Round "11"]
[White "Kaygisiz, Ilayda"]
[Black "Dalgar, Sudenaz"]
[Result "1-0"]
[WhiteElo "1824"]
[BlackElo "1400"]
[PlyCount "61"]
[EventDate "2020.01.19"]
[EventType "swiss"]
[EventRounds "11"]
[EventCountry "TUR"]
[SourceTitle "CBM 195 Extra"]
[Source "ChessBase"]
[SourceDate "2020.05.31"]
[SourceVersion "1"]
[SourceVersionDate "2020.05.31"]
[SourceQuality "1"]

1. e4 c5 2. Nf3 g6 3. d4 cxd4 4. Nxd4 Nc6 5. Nc3 Bg7 6. Be3 Nf6 7. Bc4 0-0 8. 0-0 Qa5 9. Nb3 Qc7 10. f4 d6 11. Be2 Bd7 12. Bf3 Rfd8 13. Qe2 Na5 14. g4 Nc4 15. Bc1 e6 16. g5 Ne8 17. f5 Nxb2 18. fxe6 Bxe6 19. Nd5 Bxd5 20. exd5 Na4 21. Be3 Bxa1 22. Rxa1 Rdc8 23. Bg4 Qxc2 24. Qf3 Rc7 25. Rf1 Re7 26. Be6 Qc7 27. Bd4 Nb6 28. Nd2 Nc8 29. Ne4 Rxe6 30. dxe6 f5 31. gxf6 1-0

[Event "TUR-ch U13-U18 Girls"]
[Site "Antalya"]
[Date "2020.01.23"]
[Round "7"]
[White "Dalgar, Sudenaz"]
[Black "Sade, Defne"]
[Result "0-1"]
[WhiteElo "1400"]
[BlackElo "1926"]
[PlyCount "72"]
[EventDate "2020.01.19"]
[EventType "swiss"]
[EventRounds "11"]
[EventCountry "TUR"]
[SourceTitle "CBM 195 Extra"]
[Source "ChessBase"]
[SourceDate "2020.05.31"]
[SourceVersion "1"]
[SourceVersionDate "2020.05.31"]
[SourceQuality "1"]

1. e4 e5 2. Nf3 Nc6 3. Nc3 Nf6 4. Bb5 Bd6 5. d3 h6 6. Ne2 Ne7 7. Ng3 c6 8. Bc4 Bc7 9. Qe2 0-0 10. Nh4 d5 11. Bb3 Bg4 12. f3 Be6 13. Ngf5 Ng6 14. Qf2 Nh5 15. Bd2 Bb6 16. d4 Nxh4 17. Qxh4 Qxh4+ 18. Nxh4 Bxd4 19. c3 Bc5 20. 0-0-0 Nf6 21. g4 dxe4 22. Bxe6 fxe6 23. Ng6 Rfd8 24. b4 Bb6 25. fxe4 Nxe4 26. Be1 Rxd1+ 27. Kxd1 a5 28. Nxe5 axb4 29. Nc4 Bc7 30. cxb4 Rxa2 31. h3 Nf2+ 32. Bxf2 Ra1+ 33. Ke2 Rxh1 34. h4 Rb1 35. Bc5 b6 36. Be7 Kf7 0-1

[Event "TUR-chT 2nd League"]
[Site "Konya"]
[Date "2019.07.23"]
[Round "3.9"]
[White "Bayram, Irem Inci"]
[Black "Dalgar, Sudenaz"]
[Result "1-0"]
[WhiteElo "1523"]
[BlackElo "1466"]
[PlyCount "79"]
[EventDate "2019.07.22"]
[EventType "team-swiss"]
[EventRounds "9"]
[EventCountry "TUR"]
[SourceTitle "CBM 191 Extra"]
[Source "ChessBase"]
[SourceDate "2019.09.30"]
[SourceVersion "1"]
[SourceVersionDate "2019.09.30"]
[SourceQuality "1"]
[WhiteTeam "Karaman Masterler"]
[BlackTeam "Calli Spor"]
[WhiteTeamCountry "TUR"]
[BlackTeamCountry "TUR"]

1. d4 Nf6 2. c4 g6 3. Nc3 Bg7 4. e4 d6 5. f3 0-0 6. Be3 c5 7. Nge2 Nc6 8. d5 Ne5 9. Ng3 h5 10. h4 e6 11. Qd2 exd5 12. cxd5 a6 13. a4 Bd7 14. Be2 Rb8 15. a5 Nh7 16. Bh6 Re8 17. Bxg7 Kxg7 18. Qc2 Qe7 19. Nd1 Rec8 20. Qc3 Nf6 21. f4 Neg4 22. Bxg4 Bxg4 23. Ne3 Re8 24. Kf2 Bd7 25. Rac1 Rbc8 26. Rhf1 Bb5 27. Rfe1 Qc7 28. Nd1 Rcd8 29. b4 c4 30. Nb2 Qb8 31. Qd4 Qc8 32. Nxc4 Bxc4 33. Rxc4 Qg4 34. e5 dxe5 35. Rxe5 Rxe5 36. fxe5 Qxd4+ 37. Rxd4 Ng4+ 38. Kf3 Nxe5+ 39. Kf4 f6 40. Ne4 1-0

[Event "TUR Cup"]
[Site "Antalya"]
[Date "2019.01.31"]
[Round "7"]
[White "Dalgar, Sudenaz"]
[Black "Aydin, Leyla"]
[Result "1-0"]
[WhiteElo "1461"]
[BlackElo "1372"]
[PlyCount "99"]
[EventDate "2019.01.27"]
[EventType "swiss"]
[EventRounds "11"]
[EventCountry "TUR"]
[SourceTitle "CBM 188 Extra"]
[Source "ChessBase"]
[SourceDate "2019.02.26"]
[SourceVersion "1"]
[SourceVersionDate "2019.02.26"]
[SourceQuality "1"]

1. e4 e5 2. Nf3 Nc6 3. Bb5 a6 4. Ba4 Nf6 5. Qe2 Be7 6. 0-0 b5 7. Bb3 0-0 8. c3 d5 9. d3 Bg4 10. exd5 Nxd5 11. Qe4 Be6 12. Nxe5 Nxe5 13. Qxe5 Bd6 14. Qg5 Be7 15. Qg3 Bd6 16. Qf3 c6 17. Nd2 Qh4 18. h3 f5 19. c4 Nf4 20. Re1 Rae8 21. Kf1 g5 22. c5 Bxc5 23. Bxe6+ Nxe6 24. Qg3 Qxg3 25. fxg3 Nd4 26. Rxe8 Rxe8 27. Nf3 Nc2 28. Rb1 g4 29. hxg4 fxg4 30. b4 Bb6 31. Rb2 gxf3 32. Rxc2 f2 33. Bd2 Be3 34. Bxe3 Rxe3 35. Rxc6 Rxd3 36. Rxa6 Rxg3 37. Kxf2 Rg5 38. Ra5 Kf8 39. a4 Rf5+ 40. Kg1 Ke8 41. Rxb5 Rxb5 42. axb5 Kd7 43. Kh2 Kc7 44. Kh3 Kb6 45. Kh4 Kxb5 46. g4 Kxb4 47. g5 Kc5 48. Kh5 Kd6 49. Kh6 Ke7 50. Kxh7 1-0

[Event "TUR Cup"]
[Site "Antalya"]
[Date "2019.01.28"]
[Round "2"]
[White "Ozveren, Ali Bulent"]
[Black "Dalgar, Sudenaz"]
[Result "1-0"]
[WhiteElo "1906"]
[BlackElo "1461"]
[PlyCount "201"]
[EventDate "2019.01.27"]
[EventType "swiss"]
[EventRounds "11"]
[EventCountry "TUR"]
[SourceTitle "CBM 188 Extra"]
[Source "ChessBase"]
[SourceDate "2019.02.26"]
[SourceVersion "1"]
[SourceVersionDate "2019.02.26"]
[SourceQuality "1"]

1. Nf3 Nf6 2. c4 g6 3. Nc3 Bg7 4. e4 d6 5. d4 0-0 6. Be2 Nbd7 7. 0-0 e5 8. d5 a5 9. Be3 Re8 10. h3 Nc5 11. Nd2 h5 12. Bg5 Qd7 13. Qc2 Nh7 14. Be3 Qe7 15. Nb3 f5 16. Nxc5 dxc5 17. exf5 Bxf5 18. Qd2 Kh8 19. Rad1 Red8 20. Rfe1 h4 21. Bf3 Rd7 22. Ne4 b6 23. Bg5 Nxg5 24. Qxg5 Qxg5 25. Nxg5 Re8 26. Be4 Bf6 27. Nf3 Kg7 28. a4 Kf7 29. b3 Kg7 30. Nd2 Kf7 31. Nb1 Bg7 32. Nc3 Bf8 33. Rd3 Kf6 34. Nb5 Red8 35. Rf3 Bh6 36. Nc3 Rf7 37. Rd1 Ke7 38. Rfd3 Rf6 39. f3 Rd7 40. Re1 Kf7 41. Bxf5 Rxf5 42. Ne4 Ke7 43. Nf2 Bf4 44. Red1 Rf8 45. Ne4 Rfd8 46. Kf2 g5 47. Ke2 Kf7 48. Nf2 Re8 49. Rc3 Kg6 50. Ne4 Rf8 51. Rcd3 Re8 52. Re1 Rf8 53. Kf1 Re8 54. Nc3 Red8 55. Ne2 Re8 56. Nc3 Red8 57. Rdd1 Re8 58. Re4 Red8 59. Ne2 Re8 60. Nc3 Red8 61. Ke2 Re8 62. Kd3 Red8 63. Rde1 Re8 64. Ne2 Rde7 65. Kc2 Kf6 66. Nc3 Rd7 67. R1e2 Kg6 68. Nd1 Kf6 69. Nf2 Rde7 70. Ng4+ Kf5 71. Nf2 Kf6 72. Nd1 Kg6 73. Nc3 Kf5 74. Nb5 Rd7 75. Na7 Rde7 76. Re1 Rf7 77. Rd1 Rd7 78. Nc6 Rf8 79. Rd3 Rff7 80. Re1 Rd6 81. Re2 Rg7 82. Rd1 Bg3 83. Na7 Rd8 84. Nb5 Rgd7 85. Red2 Bf4 86. Rd3 Kf6 87. Nc3 Kg6 88. d6 c6 89. Ne4 Re8 90. Ra1 Ra8 91. Re1 Re8 92. Rdd1 Red8 93. Rd3 Re8 94. Red1 Red8 95. b4 axb4 96. a5 bxa5 97. Nxc5 Rf7 98. d7 Re7 99. Nb7 b3+ 100. Kb1 e4 101. fxe4 1-0

[Event "TUR-chT 2nd League"]
[Site "Konya"]
[Date "2018.07.19"]
[Round "6.8"]
[White "Cakal, Edanur"]
[Black "Dalgar, Sudenaz"]
[Result "0-1"]
[WhiteElo "1229"]
[BlackElo "1396"]
[PlyCount "102"]
[EventDate "2018.07.16"]
[EventType "team-swiss"]
[EventRounds "9"]
[EventCountry "TUR"]
[SourceTitle "EXT 2019"]
[Source "ChessBase"]
[SourceDate "2018.10.10"]
[SourceVersion "1"]
[SourceVersionDate "2018.10.10"]
[SourceQuality "1"]
[WhiteTeam "Altin Hamle Corum"]
[BlackTeam "Calli Spor"]
[WhiteTeamCountry "TUR"]
[BlackTeamCountry "TUR"]

1. e4 c5 2. d4 cxd4 3. c3 d3 4. Nf3 Nc6 5. Bxd3 g6 6. 0-0 Bg7 7. Be3 d6 8. h3 Nf6 9. Nbd2 0-0 10. Rc1 a6 11. c4 Nd7 12. b3 Nde5 13. Nxe5 Nxe5 14. Be2 Bd7 15. f4 Nc6 16. Nf3 Qa5 17. a4 Rad8 18. Kh1 Nb8 19. Bd2 Qc7 20. Bc3 e5 21. Qe1 Bc6 22. Nd2 Nd7 23. Qg3 Nc5 24. Bf3 Nd3 25. Rc2 Nxf4 26. Bb4 b6 27. Rd1 Ne6 28. Rcc1 Nd4 29. Rb1 Qb7 30. Bc3 Ne6 31. Nf1 Bxe4 32. Bxe4 Qxe4 33. Ne3 Nf4 34. Nd5 Nxd5 35. cxd5 Qf5 36. Rf1 Qd7 37. Qe3 Qb7 38. Rbd1 f5 39. b4 Rc8 40. Kh2 Rc4 41. Qd3 Rfc8 42. Bd2 Rd4 43. Qb3 Qxd5 44. Qb2 e4 45. Rfe1 Qe5+ 46. Kg1 Rd5 47. Qb3 Kh8 48. Rf1 Rd3 49. Qb1 Qd4+ 50. Kh1 Rxd2 51. Rxd2 Qxd2 0-1

[Event "TUR-chT 2nd League"]
[Site "Konya"]
[Date "2018.07.19"]
[Round "5.12"]
[White "Dalgar, Sudenaz"]
[Black "Karadeniz, Yasemin"]
[Result "1-0"]
[WhiteElo "1396"]
[BlackElo "1449"]
[PlyCount "59"]
[EventDate "2018.07.16"]
[EventType "team-swiss"]
[EventRounds "9"]
[EventCountry "TUR"]
[SourceTitle "EXT 2019"]
[Source "ChessBase"]
[SourceDate "2018.10.10"]
[SourceVersion "1"]
[SourceVersionDate "2018.10.10"]
[SourceQuality "1"]
[WhiteTeam "Calli Spor"]
[BlackTeam "Ayidin Nazilli Belediyesi"]
[WhiteTeamCountry "TUR"]
[BlackTeamCountry "TUR"]

1. e4 d6 2. d4 Nd7 3. Nf3 b6 4. Nc3 e6 5. Bd3 g6 6. Be3 Bg7 7. Qd2 Bb7 8. h3 a6 9. a4 Ne7 10. Bh6 0-0 11. h4 Nf6 12. h5 Ng4 13. Bxg7 Kxg7 14. Qf4 f5 15. Ng5 Qd7 16. f3 Nf6 17. Qh4 Rh8 18. h6+ Kg8 19. e5 Nfd5 20. Ne2 dxe5 21. dxe5 Re8 22. 0-0 b5 23. b3 b4 24. Nf4 Nc6 25. Nxd5 exd5 26. e6 Rxe6 27. Nxe6 Qxe6 28. Rae1 Qf7 29. Re2 Kf8 30. Rfe1 1-0

[Event "TUR Cup										"]
[Site "Antalya"]
[Date "2018.01.30"]
[Round "6"]
[White "Dalgar, Sudenaz"]
[Black "Yamac, Ahmet"]
[Result "0-1"]
[WhiteElo "1443"]
[BlackElo "1651"]
[PlyCount "144"]
[EventDate "2018.01.27"]
[EventType "swiss"]
[EventRounds "11"]
[EventCountry "TUR"]
[SourceTitle "CBM 182 Extra"]
[Source "ChessBase"]
[SourceDate "2018.02.23"]
[SourceVersion "1"]
[SourceVersionDate "2018.02.23"]
[SourceQuality "1"]

1. e4 d5 2. exd5 Qxd5 3. Nc3 Qd8 4. d4 c6 5. Nf3 Bg4 6. Be3 e6 7. h3 Bxf3 8. Qxf3 Nf6 9. Bd3 Be7 10. 0-0 Nbd7 11. Rfe1 0-0 12. a3 Nb6 13. Rad1 Nbd5 14. Nxd5 Qxd5 15. Qxd5 cxd5 16. Bf4 Rfc8 17. Re3 a6 18. a4 Ne8 19. Rb1 Bd6 20. Be5 Bxe5 21. Rxe5 Nd6 22. b3 g6 23. g4 b5 24. a5 Nb7 25. Ra1 Kg7 26. f4 Nd8 27. Re3 Rc3 28. Kf2 Nc6 29. Rd1 Rc8 30. h4 Nxd4 31. Bxg6 hxg6 32. Rxd4 Rxc2+ 33. Kf3 Rh2 34. Kg3 Rcc2 35. Red3 Rcg2+ 36. Kf3 Ra2 37. Kg3 Rhc2 38. f5 gxf5 39. gxf5 Kf6 40. fxe6 fxe6 41. Re3 Rg2+ 42. Kh3 Rh2+ 43. Kg4 Rag2+ 44. Kh5 Rg8 45. Rf4+ Ke7 46. Kh6 Rh8+ 47. Kg7 R8xh4 48. Rf7+ Kd6 49. Rf1 R2h3 50. Rxh3 Rxh3 51. b4 Rh4 52. Rb1 Rf4 53. Rb2 e5 54. Rg2 Rxb4 55. Rg6+ Kc5 56. Rxa6 Ra4 57. Ra8 Kd4 58. a6 b4 59. a7 b3 60. Kf6 e4 61. Rb8 Rxa7 62. Rxb3 Rc7 63. Kf5 Rc3 64. Rb4+ Kc5 65. Rb1 e3 66. Re1 d4 67. Ke4 Rc2 68. Kd3 Rd2+ 69. Ke4 Kc4 70. Rc1+ Kb3 71. Kf3 e2 72. Re1 d3 0-1

[Event "TUR Cup										"]
[Site "Antalya"]
[Date "2018.01.28"]
[Round "3"]
[White "Araboga, Mesut"]
[Black "Dalgar, Sudenaz"]
[Result "1-0"]
[WhiteElo "1672"]
[BlackElo "1443"]
[PlyCount "95"]
[EventDate "2018.01.27"]
[EventType "swiss"]
[EventRounds "11"]
[EventCountry "TUR"]
[SourceTitle "CBM 182 Extra"]
[Source "ChessBase"]
[SourceDate "2018.02.23"]
[SourceVersion "1"]
[SourceVersionDate "2018.02.23"]
[SourceQuality "1"]

1. d4 g6 2. Bf4 Bg7 3. Nf3 d6 4. e3 Nf6 5. Bd3 Nc6 6. 0-0 0-0 7. a3 Bd7 8. c4 Nh5 9. Bg5 a5 10. Nc3 a4 11. Bc2 Na5 12. Nd2 c5 13. d5 Qb6 14. Rb1 Qa6 15. Bxa4 Bxa4 16. Qxa4 Rfe8 17. Qb5 h6 18. Bh4 g5 19. Bg3 Nf6 20. b4 cxb4 21. axb4 Nxc4 22. Qxa6 Rxa6 23. Nxc4 Rc8 24. b5 Ra7 25. Rb4 Nd7 26. Na4 h5 27. h4 g4 28. Ncb6 Nxb6 29. Nxb6 Rc5 30. Rfb1 Ra2 31. Rc4 Rxc4 32. Nxc4 Ra4 33. Nb6 Ra5 34. Kf1 Bc3 35. Ke2 Ra2+ 36. Kd3 Ba5 37. Nc4 Bd8 38. Rb2 Ra4 39. f3 Ra1 40. fxg4 hxg4 41. b6 Rd1+ 42. Ke4 Ra1 43. Kf5 Ra4 44. Rc2 Kg7 45. e4 Rb4 46. Bf2 Ra4 47. Kxg4 Ra1 48. Bd4+ 1-0

[Event "TUR-chT 2nd League"]
[Site "Konya"]
[Date "2017.07.18"]
[Round "2.9"]
[White "Dalgar, Sudenaz"]
[Black "Yavuz, Sevki Batuhan"]
[Result "0-1"]
[WhiteElo "1353"]
[BlackElo "1554"]
[PlyCount "90"]
[EventDate "2017.07.17"]
[EventType "team-swiss"]
[EventRounds "9"]
[EventCountry "TUR"]
[SourceTitle "CBM 179 Extra"]
[Source "ChessBase"]
[SourceDate "2017.08.23"]
[SourceVersion "1"]
[SourceVersionDate "2017.08.23"]
[SourceQuality "1"]
[WhiteTeam "Antalya Calli"]
[BlackTeam "Bolu Koroglu"]
[WhiteTeamCountry "TUR"]
[BlackTeamCountry "TUR"]

1. e4 e5 2. Nf3 Nf6 3. Nc3 Nc6 4. Bb5 Nd4 5. Ba4 Nxf3+ 6. Qxf3 c6 7. d3 d6 8. h3 Be6 9. 0-0 Be7 10. Qg3 Nh5 11. Qf3 g6 12. Be3 Bg5 13. d4 0-0 14. dxe5 dxe5 15. Rad1 Qe7 16. Bb3 Bxb3 17. axb3 f5 18. Ne2 Ng7 19. Rd3 Rab8 20. Bxg5 fxe4 21. Qg4 h5 22. Qh4 Nf5 23. Bxe7 Nxh4 24. Bb4 exd3 25. Bxf8 dxe2 26. Re1 Kxf8 27. Rxe2 Re8 28. Re4 Nf5 29. c3 Nd6 30. Ra4 a6 31. f3 e4 32. Rd4 e3 33. Kf1 Nf5 34. Rf4 Kg7 35. g4 Ng3+ 36. Ke1 Rd8 37. Ra4 e2 38. Ra1 hxg4 39. hxg4 g5 40. c4 Kf6 41. Rc1 Ke5 42. Rb1 Kf4 43. Rc1 Kxf3 44. Rc3+ Kxg4 45. Kf2 Ne4+ 0-1

[Event "TUR-chT2"]
[Site "Konya"]
[Date "2016.07.21"]
[Round "7.11"]
[White "Dalgar, Sudenaz"]
[Black "Tokat, Nehir"]
[Result "1-0"]
[WhiteElo "1318"]
[BlackElo "1402"]
[PlyCount "71"]
[EventDate "2016.07.17"]
[EventType "team-swiss"]
[EventRounds "9"]
[EventCountry "TUR"]
[SourceTitle "CBM 173 Extra"]
[Source "ChessBase"]
[SourceDate "2016.08.29"]
[SourceVersion "1"]
[SourceVersionDate "2016.08.29"]
[SourceQuality "1"]
[WhiteTeam "Antalya Calli"]
[BlackTeam "Denizli Pamukkale Yonetimi"]
[WhiteTeamCountry "TUR"]
[BlackTeamCountry "TUR"]

1. e4 c5 2. Nc3 Nc6 3. g3 g6 4. Bg2 Bg7 5. d3 d6 6. Nge2 e6 7. Be3 Nge7 8. Qd2 0-0 9. Bh6 a6 10. h4 f5 11. Bxg7 Kxg7 12. h5 Kg8 13. Qh6 Rf7 14. Nf4 Ne5 15. hxg6 N7xg6 16. Nxg6 Nxg6 17. exf5 exf5 18. Bd5 Qe7+ 19. Kd2 Nf8 20. Rae1 Qd8 21. Bxf7+ Kxf7 22. Qh5+ Kg7 23. Re8 Qf6 24. Nd5 Qg6 25. Re7+ Kg8 26. Qxg6+ Nxg6 27. Rexh7 Kf8 28. R1h6 Ne5 29. Rxd6 Nc6 30. Nb6 Rb8 31. Rh8+ Ke7 32. Rdh6 Be6 33. R8h7+ Kd6 34. Nc4+ Kd5 35. Rd7+ Bxd7 36. Rd6# 1-0

[Event "TUR-chT2"]
[Site "Konya"]
[Date "2016.07.18"]
[Round "3.11"]
[White "Goksen, Hilal"]
[Black "Dalgar, Sudenaz"]
[Result "0-1"]
[WhiteElo "1460"]
[BlackElo "1318"]
[PlyCount "70"]
[EventDate "2016.07.17"]
[EventType "team-swiss"]
[EventRounds "9"]
[EventCountry "TUR"]
[SourceTitle "CBM 173 Extra"]
[Source "ChessBase"]
[SourceDate "2016.08.29"]
[SourceVersion "1"]
[SourceVersionDate "2016.08.29"]
[SourceQuality "1"]
[WhiteTeam "Manisa Salihli Sardes"]
[BlackTeam "Antalya Calli"]
[WhiteTeamCountry "TUR"]
[BlackTeamCountry "TUR"]

1. e4 c5 2. c3 Nf6 3. e5 Nd5 4. d4 cxd4 5. cxd4 e6 6. Nf3 Nc6 7. a3 d6 8. Bb5 Bd7 9. 0-0 Be7 10. Nc3 Nb6 11. Re1 0-0 12. Bf4 d5 13. Bxc6 Bxc6 14. b3 Rc8 15. Qd2 a5 16. Ne2 a4 17. b4 Nc4 18. Qc1 Rc7 19. Ng3 Bb5 20. Bh6 Nxe5 21. Qf4 Ng6 22. Qe3 gxh6 23. Qxh6 Re8 24. Nh5 Bf8 25. Qe3 Qe7 26. Ne5 Rec8 27. Qg3 Rc3 28. f3 Qh4 29. Qxh4 Nxh4 30. Kf2 Rc2+ 31. Kg3 Nf5+ 32. Kh3 Be7 33. g4 Nxd4 34. Ng3 R8c3 35. f4 Ne2 0-1

[Event "TUR-chT2"]
[Site "Konya"]
[Date "2015.07.31"]
[Round "9.7"]
[White "Dalgar, Sudenaz"]
[Black "Incecik, Seyma Zeynep"]
[Result "1-0"]
[WhiteElo "1243"]
[BlackElo "1514"]
[PlyCount "47"]
[EventDate "2015.07.25"]
[EventType "team-swiss"]
[EventRounds "9"]
[EventCountry "TUR"]
[SourceTitle "EXT 2017"]
[Source "ChessBase"]
[SourceDate "2016.10.25"]
[SourceVersion "1"]
[SourceVersionDate "2016.10.25"]
[SourceQuality "1"]
[WhiteTeam "Burdur 90 Yil"]
[BlackTeam "Burdur Callica"]
[WhiteTeamCountry "TUR"]
[BlackTeamCountry "TUR"]

1. e4 d5 2. exd5 Nf6 3. d4 Bg4 4. Nf3 Qxd5 5. Be2 Nc6 6. Be3 0-0-0 7. Nbd2 e6 8. 0-0 Bb4 9. c3 Be7 10. h3 Bf5 11. Bc4 Qd6 12. Bb3 Bd3 13. Nc4 Bxc4 14. Bxc4 h6 15. Qb3 g5 16. Rfe1 g4 17. Bf4 Qd7 18. hxg4 Nxg4 19. Rad1 Qe8 20. Qc2 Bd6 21. Bxd6 cxd6 22. d5 exd5 23. Rxe8 Rhxe8 24. Bxd5 1-0

[Event "TUR-chT2"]
[Site "Konya"]
[Date "2015.07.27"]
[Round "4.6"]
[White "Dalgar, Sudenaz"]
[Black "Kose, Ulya"]
[Result "1/2-1/2"]
[WhiteElo "1243"]
[BlackElo "1473"]
[PlyCount "30"]
[EventDate "2015.07.25"]
[EventType "team-swiss"]
[EventRounds "9"]
[EventCountry "TUR"]
[SourceTitle "CBM 167 Extra"]
[Source "ChessBase"]
[SourceDate "2015.09.14"]
[SourceVersion "1"]
[SourceVersionDate "2015.09.14"]
[SourceQuality "1"]
[WhiteTeam "Burdur 90 Yil"]
[BlackTeam "Canakkale Gokceada"]
[WhiteTeamCountry "TUR"]
[BlackTeamCountry "TUR"]

1. e4 e5 2. Nf3 Nc6 3. Nc3 Nf6 4. d4 exd4 5. Nxd4 Bb4 6. Nxc6 bxc6 7. Bd3 d5 8. exd5 cxd5 9. 0-0 0-0 10. Bg5 c6 11. Qf3 Be7 12. h3 Rb8 13. Rab1 Be6 14. b3 Re8 15. Rfe1 Rb4 1/2-1/2

[Event "TUR-chT2"]
[Site "Konya"]
[Date "2015.07.26"]
[Round "2.5"]
[White "Dalgar, Sudenaz"]
[Black "Citak, Tuana Umay"]
[Result "0-1"]
[WhiteElo "1243"]
[BlackElo "1491"]
[PlyCount "50"]
[EventDate "2015.07.25"]
[EventType "team-swiss"]
[EventRounds "9"]
[EventCountry "TUR"]
[SourceTitle "CBM 167 Extra"]
[Source "ChessBase"]
[SourceDate "2015.09.14"]
[SourceVersion "1"]
[SourceVersionDate "2015.09.14"]
[SourceQuality "1"]
[WhiteTeam "Burdur 90 Yil"]
[BlackTeam "Ankara Odtu"]
[WhiteTeamCountry "TUR"]
[BlackTeamCountry "TUR"]

1. e4 e6 2. d4 d5 3. Nd2 Nf6 4. e5 Nfd7 5. Bd3 c5 6. c3 Nc6 7. Ne2 Qb6 8. Nf3 f6 9. exf6 Nxf6 10. 0-0 Bd6 11. Re1 0-0 12. Ng3 Re8 13. Ne5 cxd4 14. Nxc6 bxc6 15. cxd4 e5 16. dxe5 Bxe5 17. Qc2 Bd7 18. Rb1 Bxg3 19. Rxe8+ Rxe8 20. hxg3 Re1+ 21. Bf1 Qb5 22. Kh2 Ng4+ 23. Kh3 Ne3+ 24. Kh4 Qb4+ 25. Kg5 Qg4# 0-1

[Event "TUR-chT2"]
[Site "Konya"]
[Date "2015.07.26"]
[Round "3.5"]
[White "Dursun, Poyraz"]
[Black "Dalgar, Sudenaz"]
[Result "1/2-1/2"]
[WhiteElo "1464"]
[BlackElo "1243"]
[PlyCount "154"]
[EventDate "2015.07.25"]
[EventType "team-swiss"]
[EventRounds "9"]
[EventCountry "TUR"]
[SourceTitle "CBM 167 Extra"]
[Source "ChessBase"]
[SourceDate "2015.09.14"]
[SourceVersion "1"]
[SourceVersionDate "2015.09.14"]
[SourceQuality "1"]
[WhiteTeam "Denizli Pausa"]
[BlackTeam "Burdur 90 Yil"]
[WhiteTeamCountry "TUR"]
[BlackTeamCountry "TUR"]

1. e4 c5 2. Nf3 Nc6 3. d4 cxd4 4. Nxd4 Nf6 5. Nc3 e6 6. Ndb5 d6 7. Bf4 e5 8. Bg5 a6 9. Na3 b5 10. Nd5 Be7 11. Bxf6 Bxf6 12. Bd3 0-0 13. h4 h6 14. g3 Be6 15. Be2 Re8 16. c3 Be7 17. Bg4 Bxg4 18. Qxg4 Qc8 19. Qh5 Ra7 20. Nc2 Bf8 21. Nce3 Ne7 22. Rd1 Qe6 23. Qf3 Kh8 24. g4 Qg6 25. g5 h5 26. c4 bxc4 27. Nxc4 Nxd5 28. Rxd5 Rc8 29. b3 Rb7 30. Ke2 Rbb8 31. Rhd1 Rc6 32. R1d2 Kg8 33. Ke3 Kh8 34. R2d3 Kg8 35. Qh3 Qe6 36. Qg3 Re8 37. Qf3 Qg6 38. Qf5 Qxf5 39. exf5 Rd8 40. Nxe5 Rb6 41. Nc4 Rc6 42. Kf4 Be7 43. Re3 Kf8 44. Ke4 f6 45. g6 Ke8 46. Kd4 Kd7 47. Rc3 Kc7 48. b4 Kb8 49. a4 Rc7 50. b5 axb5 51. axb5 Kb7 52. Ra3 Kb8 53. Ra6 Rcd7 54. b6 Bf8 55. Rda5 d5 56. Ne3 Kb7 57. Ra2 Bd6 58. Ra7+ Kxb6 59. Rxd7 Rxd7 60. Kxd5 Bc5+ 61. Ke6 Re7+ 62. Kd5 Re5+ 63. Kc4 Bxe3 64. fxe3 Rxe3 65. Rd2 Re4+ 66. Kd5 Rxh4 67. Ke6 Rc4 68. Kf7 Rc7+ 69. Kg8 Ra7 70. Rh2 Kc6 71. Rxh5 Kd5 72. Rh1 Ke5 73. Rf1 Rb7 74. Kf8 Ra7 75. Ke8 Rb7 76. Kd8 Ra7 77. Kc8 Ke4 1/2-1/2

[Event "Manavgat Turkey Cup"]
[Site "Manavgat"]
[Date "2015.02.01"]
[Round "2"]
[White "Ayazmali, Gizem"]
[Black "Dalgar, Sudenaz"]
[Result "1-0"]
[WhiteElo "1844"]
[BlackElo "1219"]
[PlyCount "125"]
[EventDate "2015.01.31"]
[EventType "swiss"]
[EventRounds "11"]
[EventCountry "TUR"]
[SourceTitle "CBM 164 Extra"]
[Source "ChessBase"]
[SourceDate "2015.03.02"]
[SourceVersion "1"]
[SourceVersionDate "2015.03.02"]
[SourceQuality "1"]

1. e4 c5 2. c3 Nf6 3. e5 Nd5 4. d4 cxd4 5. Qxd4 e6 6. Nf3 Nc6 7. Qe4 Be7 8. Bd3 f5 9. exf6 Nxf6 10. Qh4 Kf8 11. Bg5 h6 12. Nbd2 Kg8 13. Bxf6 Bxf6 14. Qh5 d5 15. Bg6 Qe7 16. 0-0 Bg5 17. Rad1 Qf6 18. Nb3 Ne7 19. Bc2 g6 20. Qg4 e5 21. Qa4 Bg4 22. Qxg4 e4 23. Nfd4 h5 24. Qe2 Nc6 25. Qb5 Nxd4 26. Qxd5+ Ne6 27. Nc5 Rd8 28. Qxe6+ Qxe6 29. Nxe6 Rxd1 30. Rxd1 Be7 31. Bxe4 Kf7 32. Nf4 g5 33. Ng6 Re8 34. Rd7 Kf6 35. Rxe7 Rxe7 36. Nxe7 Kxe7 37. Bxb7 Kd6 38. f3 Kc5 39. Kf2 Kd6 40. Ke3 Ke5 41. h4 gxh4 42. f4+ Kf6 43. Ke4 Ke7 44. f5 Kf6 45. Ba6 Kf7 46. Ke5 Ke7 47. f6+ Kf7 48. a3 Kf8 49. Ke6 Ke8 50. f7+ Kf8 51. a4 Kg7 52. Ke7 Kg6 53. f8Q Kg5 54. Qf6+ Kg4 55. Be2+ Kg3 56. Qf3+ Kh2 57. Qh3+ Kg1 58. Qxh4 a5 59. Qxh5 Kf2 60. Qf3+ Kg1 61. g4 Kh2 62. Bf1 Kg1 63. Qg2# 1-0